=LDR 00000nam 2200000 4500 =001 INLIS000000000013682 =005 20130612105033 =008 ***********************************Ind** =035 ##$$0010-061300000013682 =041 ##$$a Ind =082 ##$$a R.312. 04 =090 ##$$a R.312.04, Ind p =260 ##$$a 2001 $b Jakarta =300 ##$$a 171 hlm, 23 cm =650 ##$$a Sensus penduduk - Pedoman =850 ##$$a NBPNMAT